000 00551nam a2200229Ia 4500
003 OSt
005 20220918200956.0
006 a|||||r|||| 00| 0
007 ta
008 220917b |||||||| |||| 00| 0 eng d
024 _a91,057
037 _cTextual
040 _aARTS
_cARTS
_beng
041 _2eng
_aeng
082 _aVxM23, G8
100 _aSchramm Wilbur L ed
_996236
245 0 _aFrancis Parkmn
260 _c1938
650 _aHISTORY
942 _hVxM23, G8
_cTEXL
_2CC
999 _c214717
_d214717